| 000 | 01504cam a2200313 4500 | ||
|---|---|---|---|
| 001 | ABS64161 | ||
| 008 | 000000n2001 000 0 eng u | ||
| 035 | _a(Sirsi) u113151 | ||
| 100 | _aBriggs, L. | ||
| 245 | 2 | _aA trouble shared | |
| 260 | _c2001 | ||
| 490 |
_aEstates Gazette _v(0122) 2 June 2001, 144-145(2) |
||
| 520 | _aHighlights some of the issues surrounding co-location, whereby occupiers share a building for IT-related purposes. Tenants should ensure that the arrangement is properly recognised as a tenancy so that it cannot be terminated during the fixed term by notice, whilst landlords wishing to ensure flexibility or to avoid exclusive possession should include a declaration that the agreement is a licence rather than a tenancy to exclude it from the Landlord and Tennant Act 1954. Notes that co-location facilities fall outside the Town and Country Planning (Use Classes) Order 1987 and that consequently planning consent will be required for a change of use to co-location. | ||
| 590 | _aABS | ||
| 650 | _aAGREEMENTS | ||
| 650 | _aCO-LOCATION CENTRES | ||
| 650 | _aCO-LOCATION FACILITIES | ||
| 650 | _aDRESDEN ESTATES LTD V COLLINSON | ||
| 650 | _aLANDLORD AND TENANT ACT 1954 | ||
| 650 | _aLICENCES | ||
| 650 | _aTELEHOTELS | ||
| 650 | _aTENANCIES | ||
| 650 | _aTENANCY AGREEMENTS | ||
| 650 | _aTOWN AND COUNTRY PLANNING (USE CLASSES) ORDER 1987 | ||
| 690 | _aPROPERTY-LANDLORD AND TENANT | ||
| 700 | _aJohnson, T. | ||
| 700 | _aKirby, A. | ||
| 942 | _n0 | ||
| 999 |
_c67374 _d67374 |
||